[Event "RUS-ch Rapid (Women)"]
[Site "Sochi"]
[Date "2023.10.15"]
[Round "2"]
[White "Yusupova, Adel"]
[Black "Chekmareva, Liya"]
[Result "1/2-1/2"]
[WhiteElo "1640"]
[BlackElo "1839"]
[PlyCount "75"]
[EventDate "2023.10.15"]
[EventType "swiss (rapid)"]
[EventRounds "11"]
[EventCountry "RUS"]
[SourceTitle "Mega2024 Update 01"]
[Source "Chessbase"]
[SourceDate "2023.11.12"]
[SourceVersion "1"]
[SourceVersionDate "2023.11.12"]
[SourceQuality "1"]

1. d4 Nf6 2. c4 g6 3. g3 Bg7 4. Bg2 d5 5. cxd5 Nxd5 6. Nf3 Nb6 7. 0-0 0-0 8. Nc3 Nc6 9. d5 Na5 10. e4 c6 11. Bf4 Nac4 12. dxc6 Qxd1 13. Nxd1 bxc6 14. e5 Bg4 15. Re1 Rfd8 16. Rc1 Rd3 17. Ne3 Nxe3 18. Rxe3 Rxe3 19. Bxe3 Bxf3 20. Bxf3 Bxe5 21. b3 Nd5 22. Bd2 Rd8 23. Rxc6 Nb6 24. Be3 Rb8 25. Kg2 Kg7 26. Rc5 Bd6 27. Ra5 Nc8 28. Bd4+ f6 29. Bxa7 Nxa7 30. Rxa7 Rc8 31. a3 Rc2 32. b4 Ra2 33. Bd5 Rd2 34. Be4 f5 35. Bc6 Rc2 36. Bd5 Rd2 37. Bf3 Ra2 38. Bd5 1/2-1/2

[Event "RUS-ch Blitz (Women)"]
[Site "Sochi"]
[Date "2023.10.14"]
[Round "1"]
[White "Chekmareva, Liya"]
[Black "Obolentseva, Alexandra"]
[Result "1/2-1/2"]
[WhiteElo "1839"]
[BlackElo "2323"]
[PlyCount "75"]
[EventDate "2023.10.14"]
[EventType "swiss (blitz)"]
[EventRounds "13"]
[EventCountry "RUS"]
[SourceTitle "Mega2024 Update 01"]
[Source "Chessbase"]
[SourceDate "2023.11.12"]
[SourceVersion "1"]
[SourceVersionDate "2023.11.12"]
[SourceQuality "1"]

1. e4 c5 2. Nf3 d6 3. Bb5+ Bd7 4. a4 a6 5. Bxd7+ Qxd7 6. 0-0 Nf6 7. Nc3 Nc6 8. d4 cxd4 9. Nxd4 g6 10. h3 Bg7 11. Be3 0-0 12. a5 Qc7 13. Nb3 Rac8 14. Qd2 Ne5 15. Bb6 Qc6 16. Nd4 Qd7 17. b3 Nc6 18. Ra4 Nxd4 19. Bxd4 Qc6 20. Rc4 Qd7 21. Bxf6 Bxf6 22. Nd5 Qe6 23. Rb4 Rfe8 24. Rxb7 Qxe4 25. Nxf6+ exf6 26. Ra7 Rxc2 27. Qxd6 Rec8 28. Qd7 Qe8 29. Qxe8+ Rxe8 30. Rxa6 Rb8 31. Rxf6 Rxb3 32. Rb6 Rxb6 33. axb6 Rb2 34. Rc1 Rxb6 35. Rc7 Kg7 36. Kh2 h5 37. h4 Rb4 38. g3 1/2-1/2

[Event "RUS-ch Blitz (Women)"]
[Site "Sochi"]
[Date "2021.10.11"]
[Round "1"]
[White "Sukhareva, Evgenia"]
[Black "Chekmareva, Liya"]
[Result "1-0"]
[WhiteElo "2143"]
[BlackElo "2024"]
[PlyCount "188"]
[EventDate "2021.10.11"]
[EventType "swiss (blitz)"]
[EventRounds "13"]
[EventCountry "RUS"]
[SourceTitle "CBM 204 Extra"]
[Source "ChessBase"]
[SourceDate "2021.11.30"]
[SourceVersion "1"]
[SourceVersionDate "2021.11.30"]
[SourceQuality "1"]

1. d4 d5 2. Nf3 Nf6 3. c4 e6 4. Bg5 h6 5. Bh4 Be7 6. e3 0-0 7. Qc2 Ne4 8. Bxe7 Qxe7 9. Nc3 Nxc3 10. Qxc3 c6 11. Bd3 Nd7 12. 0-0 Nf6 13. Qc2 dxc4 14. Bxc4 Nd5 15. Rac1 Rb8 16. a3 a5 17. Ba2 Bd7 18. Bb1 f5 19. Rfe1 Nf6 20. Nd2 e5 21. Nc4 e4 22. Nxa5 Nd5 23. Nc4 Qg5 24. Ne5 Be6 25. Qe2 h5 26. f3 exf3 27. Qxf3 Rbe8 28. Bc2 h4 29. h3 Rf6 30. Rcd1 Rff8 31. Rd3 Nf6 32. Rf1 Ne4 33. Rdd1 Ng3 34. Rfe1 Ne4 35. Qf4 Qh5 36. Bxe4 fxe4 37. Qxe4 Bd5 38. Qg4 Qh6 39. e4 Be6 40. Qg6 Qf4 41. Rf1 Qe3+ 42. Kh2 Qg3+ 43. Qxg3 hxg3+ 44. Kxg3 Rf6 45. Rf3 Bc8 46. Rdf1 Ref8 47. Rxf6 gxf6 48. Ng6 Rf7 49. Nf4 Re7 50. Nh5 f5 51. exf5 Re3+ 52. Kh2 Kf7 53. Ng3 Rb3 54. Rf2 Rd3 55. Ne2 Kf6 56. g4 Bd7 57. h4 Re3 58. g5+ Kf7 59. Ng3 Rd3 60. g6+ Kf8 61. f6 Rxd4 62. h5 Rh4+ 63. Kg1 Rg4 64. Kg2 c5 65. g7+ Kf7 66. h6 Bc6+ 67. Kh3 Bd7 68. Kh2 Rh4+ 69. Kg2 Bc6+ 70. Kg1 Rg4 71. Kh2 Rh4+ 72. Kg1 Rg4 73. Rg2 Bxg2 74. Kxg2 Rh4 75. Kf3 Rxh6 76. Ne4 Rh3+ 77. Kf4 Rh4+ 78. Ke5 Rh5+ 79. Kd6 b6 80. Kc6 Re5 81. Nd6+ Kg8 82. Kxb6 Re6 83. Kxc5 Rxf6 84. b4 Rf2 85. a4 Kxg7 86. a5 Kf8 87. a6 Ke7 88. b5 Rc2+ 89. Nc4 Kd7 90. a7 Ra2 91. Kb6 Kc8 92. Nd6+ Kd7 93. Nb7 Kc8 94. Nc5 Ra6+ 1-0

[Event "Moscow op (Women) 16th"]
[Site "Moscow"]
[Date "2020.02.02"]
[Round "9"]
[White "Chekmareva, Liya"]
[Black "Karmanova, Olga Dm"]
[Result "1-0"]
[WhiteElo "2023"]
[BlackElo "1842"]
[PlyCount "97"]
[EventDate "2020.01.25"]
[EventType "swiss"]
[EventRounds "9"]
[EventCountry "RUS"]
[SourceTitle "CBM 194 Extra"]
[Source "ChessBase"]
[SourceDate "2020.03.31"]
[SourceVersion "1"]
[SourceVersionDate "2020.03.31"]
[SourceQuality "1"]

1. e4 c5 2. Nf3 e6 3. g3 d6 4. Bg2 a6 5. 0-0 b5 6. d4 cxd4 7. Nxd4 Bb7 8. a4 b4 9. a5 Nf6 10. Re1 Nbd7 11. c3 Nc5 12. cxb4 Ncd7 13. Nc3 Be7 14. Nc2 0-0 15. e5 Bxg2 16. exf6 Bb7 17. fxe7 Qxe7 18. Bf4 e5 19. Bc1 f5 20. f4 g5 21. Qh5 gxf4 22. Bxf4 Kh8 23. Rad1 Rg8 24. Rd3 Rg4 25. Qxf5 Rag8 26. Nd5 Qg7 27. Nce3 Rg6 28. Qh3 exf4 29. Nf5 Qxb2 30. Nxf4 Rg4 31. Nd5 Ne5 32. Nf6 Nf3+ 33. Rxf3 Qxf6 34. Re7 R4g7 35. Rxg7 Rxg7 36. Rf1 Bc8 37. Qh6 Rf7 38. Qxf6+ Rxf6 39. Nxd6 Rxf1+ 40. Kxf1 Be6 41. Ke2 Kg7 42. Ke3 Kf6 43. Kf4 h5 44. Ne4+ Kg6 45. Ke5 Bc4 46. Nd6 Bf1 47. b5 axb5 48. a6 Bg2 49. Ne4 1-0

[Event "Moscow op (Women) 16th"]
[Site "Moscow"]
[Date "2020.01.31"]
[Round "7"]
[White "Chekmareva, Liya"]
[Black "Toncheva, Nadya"]
[Result "1/2-1/2"]
[WhiteElo "2023"]
[BlackElo "1922"]
[PlyCount "182"]
[EventDate "2020.01.25"]
[EventType "swiss"]
[EventRounds "9"]
[EventCountry "RUS"]
[SourceTitle "CBM 194 Extra"]
[Source "ChessBase"]
[SourceDate "2020.03.31"]
[SourceVersion "1"]
[SourceVersionDate "2020.03.31"]
[SourceQuality "1"]

1. e4 c5 2. Nf3 Nc6 3. Bb5 e6 4. 0-0 Nge7 5. Re1 a6 6. Bf1 d5 7. exd5 Nxd5 8. Nc3 Be7 9. a3 0-0 10. h3 b5 11. a4 b4 12. Nxd5 Qxd5 13. Bd3 Bb7 14. Be4 Qh5 15. d3 Rad8 16. Qe2 Kh8 17. Bf4 Bd6 18. Bxd6 Rxd6 19. b3 a5 20. Qe3 f6 21. Nd2 Ba6 22. Bf3 Qe5 23. Bxc6 Qxe3 24. Rxe3 Rxc6 25. Rae1 e5 26. Re4 g5 27. Nf1 Bb7 28. Ng3 Rc7 29. R4e3 Kg7 30. R3e2 Kg6 31. Nf1 Bd5 32. Nd2 h5 33. Re3 h4 34. Rd1 Rd8 35. Rde1 Kf7 36. Nf1 Be6 37. Nh2 Bf5 38. R3e2 Rcd7 39. Nf3 Rh8 40. Nh2 Rd4 41. f3 Bd7 42. Nf1 Re8 43. Nd2 Rd6 44. Nc4 Ra6 45. Kf2 Be6 46. Nd2 Bd5 47. Ne4 Bxe4 48. Rxe4 Rd6 49. Rc4 Rd5 50. Re3 Red8 51. Re2 f5 52. Re1 Kf6 53. Re2 R8d7 54. Re1 Ke6 55. Re3 Kd6 56. Re2 Rd4 57. Rxd4+ cxd4 58. Ke1 Rc7 59. Kd2 Kd5 60. Kd1 Rc6 61. Kd2 Rf6 62. Ke1 Rg6 63. Kd2 Rf6 64. Kd1 Ke6 65. Kd2 Rf8 66. Ke1 Kf6 67. Kf2 Rc8 68. Ke1 Rc5 69. Kf2 Kg6 70. Ke1 Kh5 71. Kf2 g4 72. fxg4+ fxg4 73. hxg4+ Kxg4 74. Re4+ Kf5 75. Re2 Rc8 76. Kg1 Rg8 77. Kf2 Rg4 78. Re1 Rg6 79. Re4 Rc6 80. Re2 Rh6 81. Kf3 Rh7 82. Kf2 Rc7 83. Kf3 Rc3 84. Kf2 Rc6 85. Kf3 Rf6 86. Kf2 Kg4+ 87. Kg1 Rf5 88. Kh2 Rh5 89. Re4+ Kf5 90. Kh3 Rh7 91. Re2 Kf4 1/2-1/2

[Event "Moscow op (Women) 16th"]
[Site "Moscow"]
[Date "2020.01.30"]
[Round "6"]
[White "Podgornova, Anna A"]
[Black "Chekmareva, Liya"]
[Result "1-0"]
[WhiteElo "1844"]
[BlackElo "2023"]
[PlyCount "73"]
[EventDate "2020.01.25"]
[EventType "swiss"]
[EventRounds "9"]
[EventCountry "RUS"]
[SourceTitle "CBM 194 Extra"]
[Source "ChessBase"]
[SourceDate "2020.03.31"]
[SourceVersion "1"]
[SourceVersionDate "2020.03.31"]
[SourceQuality "1"]

1. d4 f5 2. c4 Nf6 3. Nc3 e6 4. Nf3 Bb4 5. Bd2 0-0 6. e3 b6 7. Be2 Bb7 8. 0-0 Bxc3 9. Bxc3 Ne4 10. Rc1 d6 11. b4 Nd7 12. Bb2 a5 13. a3 Qe7 14. Ne1 axb4 15. axb4 Ra2 16. Nd3 Qg5 17. d5 Ndf6 18. Rc2 Raa8 19. Nf4 Rfe8 20. f3 e5 21. fxe4 exf4 22. exf4 Qh6 23. e5 dxe5 24. fxe5 Qe3+ 25. Kh1 Ne4 26. Bf3 Qh6 27. Bxe4 fxe4 28. Qg4 Rf8 29. Re1 e3 30. e6 Rf4 31. Bxg7 Qxh2+ 32. Kxh2 Rxg4 33. Be5 b5 34. Bxc7 bxc4 35. d6 Be4 36. d7 Bxc2 37. e7 1-0

[Event "Moscow op (Women) 16th"]
[Site "Moscow"]
[Date "2020.01.26"]
[Round "2"]
[White "Serikbay, Assel"]
[Black "Chekmareva, Liya"]
[Result "1/2-1/2"]
[WhiteElo "2325"]
[BlackElo "2023"]
[PlyCount "109"]
[EventDate "2020.01.25"]
[EventType "swiss"]
[EventRounds "9"]
[EventCountry "RUS"]
[SourceTitle "CBM 194 Extra"]
[Source "ChessBase"]
[SourceDate "2020.03.31"]
[SourceVersion "1"]
[SourceVersionDate "2020.03.31"]
[SourceQuality "1"]

1. d4 d5 2. Nf3 c6 3. c4 e6 4. g3 dxc4 5. Bg2 b5 6. 0-0 Bb7 7. a4 a6 8. b3 cxb3 9. Qxb3 Nf6 10. Rd1 Nbd7 11. Nbd2 Qc8 12. Bb2 Be7 13. Rac1 0-0 14. e4 Qd8 15. Ne1 Nb6 16. axb5 axb5 17. Nd3 Na4 18. Ba1 Qa5 19. Nc5 Nxc5 20. dxc5 Qa2 21. Qe3 Rfd8 22. Qe1 b4 23. e5 Nd5 24. Be4 Ba6 25. Bd4 Qa5 26. Nb3 Qb5 27. Ra1 Nc3 28. Bxc3 bxc3 29. Qxc3 Qc4 30. Qf3 Bb5 31. Rxa8 Rxa8 32. Bxc6 Bxc6 33. Qxc6 Rb8 34. Nd2 Qxc5 35. Qxc5 Bxc5 36. Ne4 Be7 37. Rd7 Kf8 38. Ra7 Rd8 39. Kg2 h6 40. f4 Rb8 41. g4 g6 42. Ra2 Kg7 43. Rd2 Rb4 44. Kf3 Rb1 45. Kf2 Rb4 46. Ke3 Rb3+ 47. Kd4 Rf3 48. Rf2 Ra3 49. f5 Ra4+ 50. Kd3 Ra3+ 51. Kd4 Ra4+ 52. Ke3 Ra3+ 53. Kd4 Ra4+ 54. Kd3 Ra3+ 55. Kd4 1/2-1/2

[Event "Moscow op (Women) 16th"]
[Site "Moscow"]
[Date "2020.01.25"]
[Round "1"]
[White "Chekmareva, Liya"]
[Black "Khachatryan, Nadezhda"]
[Result "1-0"]
[WhiteElo "2023"]
[BlackElo "1653"]
[PlyCount "101"]
[EventDate "2020.01.25"]
[EventType "swiss"]
[EventRounds "9"]
[EventCountry "RUS"]
[SourceTitle "CBM 194 Extra"]
[Source "ChessBase"]
[SourceDate "2020.03.31"]
[SourceVersion "1"]
[SourceVersionDate "2020.03.31"]
[SourceQuality "1"]

1. e4 c6 2. d4 d5 3. exd5 cxd5 4. Bd3 Qc7 5. c3 Nf6 6. h3 e6 7. Nf3 Be7 8. 0-0 0-0 9. Re1 Nc6 10. Bg5 Bd7 11. Ne5 Rfb8 12. Bxf6 Bxf6 13. Bxh7+ Kf8 14. Ng4 Bg5 15. Qf3 b5 16. g3 b4 17. h4 bxc3 18. bxc3 Bd8 19. Nd2 Na5 20. h5 Bg5 21. Ne5 Bc8 22. Nf1 Nc4 23. Nd3 Bf6 24. h6 Qd8 25. Nc5 gxh6 26. Bd3 Nd6 27. Ne3 Rb2 28. Ng4 Kg7 29. Qe3 Bg5 30. Qe5+ f6 31. Nxe6+ Bxe6 32. Qxe6 h5 33. Ne3 Bxe3 34. Rxe3 Nf7 35. Qf5 Rc8 36. Qh7+ Kf8 37. Bg6 Qc7 38. Rae1 Rcb8 39. Bxf7 Qxf7 40. Qh8+ Qg8 41. Re8+ Rxe8 42. Rxe8+ Kxe8 43. Qxg8+ Ke7 44. Qxd5 a6 45. Qa5 Rc2 46. Qa3+ Kd8 47. Qxa6 Rd2 48. Qxf6+ Kd7 49. a4 Rd1+ 50. Kg2 Ra1 51. Qf5+ 1-0

[Event "RUS-ch rapid (Women)"]
[Site "Sochi"]
[Date "2019.10.15"]
[Round "3"]
[White "Chekmareva, Liya"]
[Black "Shafigullina, Zarina"]
[Result "1/2-1/2"]
[WhiteElo "2023"]
[BlackElo "2295"]
[PlyCount "72"]
[EventDate "2019.10.15"]
[EventType "swiss"]
[EventRounds "11"]
[EventCountry "RUS"]
[SourceTitle "CBM 192 Extra"]
[Source "Chessbase"]
[SourceDate "2019.11.06"]
[SourceVersion "1"]
[SourceVersionDate "2019.11.06"]
[SourceQuality "1"]

1. e4 c5 2. Nf3 Nc6 3. Bb5 g6 4. 0-0 Bg7 5. c3 Nf6 6. Re1 0-0 7. h3 a6 8. Bf1 d6 9. d4 Nd7 10. Be3 cxd4 11. cxd4 b5 12. Qd2 Re8 13. Nc3 Bb7 14. Rad1 Rc8 15. Bh6 Bh8 16. h4 Qa5 17. h5 b4 18. Nd5 e6 19. Nf4 b3 20. axb3 Qxd2 21. Nxd2 Nxd4 22. Nc4 Nb5 23. Nxd6 Nxd6 24. Rxd6 Nc5 25. b4 Nxe4 26. Rd7 Bc6 27. Rd3 Bxb2 28. Rde3 Bd4 29. Rxe4 Bxe4 30. Rxe4 Bb6 31. Nd3 Rc2 32. hxg6 hxg6 33. Be3 Bxe3 34. Rxe3 Rb8 35. Re5 Rc6 36. g3 Kg7 1/2-1/2

[Event "Chigorin Memorial 25th"]
[Site "St Petersburg"]
[Date "2017.10.29"]
[Round "9"]
[White "Chekmareva, Liya"]
[Black "Ashid, Tsetsegulzii"]
[Result "1-0"]
[WhiteElo "2077"]
[BlackElo "1892"]
[PlyCount "97"]
[EventDate "2017.10.21"]
[EventType "swiss"]
[EventRounds "9"]
[EventCountry "RUS"]
[SourceTitle "CBM 181 Extra"]
[Source "ChessBase"]
[SourceDate "2017.12.12"]
[SourceVersion "1"]
[SourceVersionDate "2017.12.12"]
[SourceQuality "1"]

1. d4 d5 2. c4 e6 3. Nf3 c6 4. Qc2 Nf6 5. Bf4 Bd6 6. e3 Bxf4 7. exf4 Qd6 8. g3 dxc4 9. Bxc4 b5 10. Be2 Nbd7 11. 0-0 0-0 12. Nbd2 c5 13. dxc5 Nxc5 14. Rac1 Ncd7 15. Bxb5 Rb8 16. Be2 Bb7 17. Nc4 Qe7 18. Rfd1 Rfe8 19. Qd2 Bd5 20. b3 Ne4 21. Qe3 Ndf6 22. Nfe5 Qb4 23. Bf3 a5 24. Rd4 a4 25. Bxe4 Nxe4 26. Rxe4 Bxe4 27. Qxe4 Qb7 28. Qxb7 Rxb7 29. Rb1 axb3 30. axb3 Reb8 31. Nd2 f6 32. Nec4 Kf8 33. Kf1 Ke7 34. Ke2 Ra8 35. Rb2 Ra1 36. b4 Rb5 37. Ne4 Rc1 38. Ne3 f5 39. Ng5 h6 40. Nf3 Kd6 41. Ne5 Kc7 42. Nd3 Rc6 43. Nc2 Rd6 44. Nc5 Rb8 45. Ra2 Rbd8 46. Ne3 Kc6 47. Ra6+ Kb5 48. Ra2 Rh8 49. Ra7 1-0

[Event "Chigorin Memorial 25th"]
[Site "St Petersburg"]
[Date "2017.10.27"]
[Round "7"]
[White "Chekmareva, Liya"]
[Black "Rjabzev, Konstantin"]
[Result "0-1"]
[WhiteElo "2077"]
[BlackElo "2270"]
[PlyCount "112"]
[EventDate "2017.10.21"]
[EventType "swiss"]
[EventRounds "9"]
[EventCountry "RUS"]
[SourceTitle "CBM 181 Extra"]
[Source "ChessBase"]
[SourceDate "2017.12.12"]
[SourceVersion "1"]
[SourceVersionDate "2017.12.12"]
[SourceQuality "1"]

1. c4 d6 2. Nf3 e5 3. Nc3 f5 4. e4 Nf6 5. exf5 Bxf5 6. d4 Qe7 7. Be2 Nc6 8. 0-0 0-0-0 9. d5 Nb4 10. Bd2 Kb8 11. a3 Nc2 12. Rc1 Nd4 13. Nxd4 exd4 14. Nb5 d3 15. Bf3 Nd7 16. Nd4 Qf6 17. Nxf5 Qxf5 18. Bg4 Qg6 19. Bxd7 Rxd7 20. Be3 b6 21. Rc3 Be7 22. Qxd3 Qh5 23. Bd4 Bf6 24. Bxf6 gxf6 25. Qh3 Qe8 26. Re3 Qd8 27. Rfe1 Rg8 28. b4 Rdg7 29. g3 Kb7 30. Qe6 h5 31. c5 bxc5 32. bxc5 Ka8 33. c6 Rg5 34. f4 R5g7 35. Qe4 Qc8 36. Qb4 Rd8 37. Rb1 h4 38. Qa5 hxg3 39. hxg3 Qh3 40. Qe1 Rh7 41. Re2 Qh1+ 42. Kf2 Rh2+ 43. Ke3 Rxe2+ 44. Kxe2 Re8+ 45. Kf2 Rxe1 46. Rxe1 Qh2+ 47. Kf3 a6 48. Re7 Kb8 49. Re8+ Ka7 50. Re7 Kb6 51. Re3 Qh1+ 52. Kg4 Qxd5 53. Rc3 Qe6+ 54. Kf3 d5 55. Kf2 d4 56. Rd3 Qe4 0-1

[Event "Chigorin Memorial 25th"]
[Site "St Petersburg"]
[Date "2017.10.26"]
[Round "6"]
[White "Konaplev, Anton"]
[Black "Chekmareva, Liya"]
[Result "1-0"]
[WhiteElo "2298"]
[BlackElo "2077"]
[PlyCount "99"]
[EventDate "2017.10.21"]
[EventType "swiss"]
[EventRounds "9"]
[EventCountry "RUS"]
[SourceTitle "CBM 181 Extra"]
[Source "ChessBase"]
[SourceDate "2017.12.12"]
[SourceVersion "1"]
[SourceVersionDate "2017.12.12"]
[SourceQuality "1"]

1. d4 Nf6 2. c4 g6 3. Nc3 d5 4. Bf4 Bg7 5. e3 c5 6. dxc5 Qa5 7. Qb3 dxc4 8. Bxc4 0-0 9. Qb5 Qxb5 10. Bxb5 Bd7 11. Rc1 Bxb5 12. Nxb5 Nc6 13. Nc3 Nb4 14. Ke2 Rfd8 15. Nf3 Nd3 16. Rc2 Nxc5 17. Rd1 Rxd1 18. Nxd1 Ne6 19. Be5 Nd7 20. Bxg7 Kxg7 21. Nd4 Ndc5 22. Rc4 Rd8 23. Nc3 Rd7 24. b4 Nxd4+ 25. Rxd4 Rxd4 26. exd4 Na6 27. a3 Nc7 28. Kd3 Kf8 29. d5 Ke8 30. Kd4 Kd7 31. a4 f5 32. Ke5 Na6 33. Na2 Nc7 34. h3 Ne8 35. Nc1 Nd6 36. Nd3 Nf7+ 37. Kd4 Kd6 38. f4 Nh6 39. Ne5 Ng8 40. Nc4+ Kd7 41. Na5 b6 42. Nc6 a6 43. Ke5 e6 44. Nb8+ Kc8 45. Nxa6 exd5 46. b5 d4 47. Nb4 Kd7 48. Kxd4 Kc7 49. Nd5+ Kb7 50. Ke5 1-0

[Event "Chigorin Memorial 25th"]
[Site "St Petersburg"]
[Date "2017.10.24"]
[Round "4"]
[White "Vasilenko, Ekaterina"]
[Black "Chekmareva, Liya"]
[Result "0-1"]
[WhiteElo "1806"]
[BlackElo "2077"]
[PlyCount "68"]
[EventDate "2017.10.21"]
[EventType "swiss"]
[EventRounds "9"]
[EventCountry "RUS"]
[SourceTitle "CBM 181 Extra"]
[Source "ChessBase"]
[SourceDate "2017.12.12"]
[SourceVersion "1"]
[SourceVersionDate "2017.12.12"]
[SourceQuality "1"]

1. e4 c5 2. Nf3 g6 3. d4 Bg7 4. c3 cxd4 5. Nxd4 d6 6. Be3 Nf6 7. Bd3 Nbd7 8. f3 d5 9. Nd2 0-0 10. 0-0 Nc5 11. Bc2 dxe4 12. b4 Nd5 13. Nc4 Nxc3 14. Qd2 Bxd4 15. bxc5 Be6 16. Bb3 Bxe3+ 17. Qxe3 Qd3 18. Qxd3 exd3 19. Ne5 Bxb3 20. axb3 d2 21. Kf2 Rfd8 22. Rfd1 Nxd1+ 23. Rxd1 Rd5 24. Nc4 Rad8 25. Ke2 Rxc5 26. Rxd2 Rxd2+ 27. Kxd2 Kg7 28. Kd3 Rxc4 29. Kxc4 Kf6 30. Kd5 Kf5 31. g3 g5 32. b4 h6 33. h3 h5 34. b5 h4 0-1

[Event "Chigorin Memorial 25th"]
[Site "St Petersburg"]
[Date "2017.10.23"]
[Round "3"]
[White "Chekmareva, Liya"]
[Black "Yatzenko, Anton"]
[Result "0-1"]
[WhiteElo "2077"]
[BlackElo "2365"]
[PlyCount "82"]
[EventDate "2017.10.21"]
[EventType "swiss"]
[EventRounds "9"]
[EventCountry "RUS"]
[SourceTitle "CBM 181 Extra"]
[Source "ChessBase"]
[SourceDate "2017.12.12"]
[SourceVersion "1"]
[SourceVersionDate "2017.12.12"]
[SourceQuality "1"]

1. Nf3 Nf6 2. c4 d6 3. d4 Nbd7 4. Nc3 e5 5. Bg5 Be7 6. e3 c6 7. h3 0-0 8. Qc2 Re8 9. Be2 Qc7 10. 0-0 Nf8 11. Bh4 exd4 12. Nxd4 Ng6 13. Bg3 Ne5 14. Rad1 Bf8 15. Nb3 a5 16. Nd2 Nfd7 17. Nde4 f5 18. Ng5 Nc5 19. e4 Nf7 20. Nxf7 Qxf7 21. exf5 Bxf5 22. Qd2 Rad8 23. Rfe1 Qg6 24. Bf3 Rxe1+ 25. Rxe1 Qf7 26. Ne4 Bxe4 27. Bxe4 Re8 28. Qd4 d5 29. cxd5 cxd5 30. Bxh7+ Kxh7 31. Rxe8 Qxe8 32. Qxd5 Qd7 33. Qf3 Kg8 34. h4 Qf7 35. Qg4 Qxa2 36. Be5 Qe6 37. Qg3 a4 38. h5 b5 39. Bf4 Ne4 40. Qf3 Nf6 41. Be3 Qd5 0-1

[Event "Moscow op-B (Women) 13th"]
[Site "Moscow"]
[Date "2017.02.02"]
[Round "6"]
[White "Tomilova, Elena"]
[Black "Chekmareva, Liya"]
[Result "1-0"]
[WhiteElo "2309"]
[BlackElo "2131"]
[PlyCount "47"]
[EventDate "2017.01.28"]
[EventType "swiss"]
[EventRounds "9"]
[EventCountry "RUS"]
[SourceTitle "EXT 2018"]
[Source "ChessBase"]
[SourceDate "2017.10.13"]
[SourceVersion "1"]
[SourceVersionDate "2017.10.13"]
[SourceQuality "1"]

1. d4 Nf6 2. Bg5 e6 3. e4 c5 4. d5 d6 5. Nc3 Be7 6. Bb5+ Bd7 7. dxe6 Bxb5 8. exf7+ Kf8 9. Nxb5 Nxe4 10. Bxe7+ Qxe7 11. Ne2 a6 12. Nbc3 Nxc3 13. bxc3 Nc6 14. 0-0 Kxf7 15. Rb1 Rab8 16. Ng3 Rhd8 17. Re1 Qg5 18. f4 Qh6 19. Qd5+ Kf8 20. Re6 Qh4 21. Rbe1 Rd7 22. Re8+ Rxe8 23. Rxe8+ Kxe8 24. Qg8+ 1-0

[Event "Saratov Regional-ch"]
[Site "Saratov"]
[Date "2015.12.10"]
[Round "5"]
[White "Chekmareva, Liya"]
[Black "Biryukov, Dmitriy"]
[Result "0-1"]
[WhiteElo "2063"]
[BlackElo "2342"]
[PlyCount "80"]
[EventDate "2015.12.05"]
[EventType "swiss"]
[EventRounds "9"]
[EventCountry "RUS"]
[SourceTitle "EXT 2017"]
[Source "ChessBase"]
[SourceDate "2016.10.25"]
[SourceVersion "1"]
[SourceVersionDate "2016.10.25"]
[SourceQuality "1"]

1. d4 d6 2. e4 g6 3. Nc3 Bg7 4. Be2 Nf6 5. h4 h5 6. Nf3 0-0 7. Ng5 Nc6 8. Be3 Ng4 9. Qd2 e5 10. d5 Nd4 11. Bxd4 exd4 12. Nb5 Qf6 13. Nf3 Qe7 14. Nfxd4 Qxe4 15. f3 Qxd5 16. fxg4 c6 17. c4 Qxg2 18. 0-0-0 cxb5 19. Rhg1 Qe4 20. Nxb5 Bxg4 21. Bd3 Qc6 22. Rdf1 d5 23. Qc2 dxc4 24. Bxc4 a6 25. Na3 Rac8 26. Kb1 b5 27. Bd3 Qd5 28. Qb3 Qxb3 29. axb3 Rfd8 30. Bc2 Rd2 31. Kc1 Rh2 32. Rh1 Re2 33. Re1 Rxe1+ 34. Rxe1 Bf6 35. Rh1 Be6 36. Kb1 b4 37. Nc4 Bxc4 38. bxc4 Rxc4 39. Bb3 Rxh4 40. Rd1 Rh2 0-1

[Event "EU-ch U18 Girls 25th"]
[Site "Porec"]
[Date "2015.09.22"]
[Round "2"]
[White "Sanders, Catheleijne"]
[Black "Chekmareva, Liya"]
[Result "0-1"]
[WhiteElo "1846"]
[BlackElo "2062"]
[PlyCount "85"]
[EventDate "2015.09.21"]
[EventType "swiss"]
[EventRounds "9"]
[EventCountry "CRO"]
[SourceTitle "EXT 2016"]
[Source "ChessBase"]
[SourceDate "2015.10.08"]
[SourceVersion "1"]
[SourceVersionDate "2015.10.08"]
[SourceQuality "1"]

1. e4 c5 2. Nf3 e6 3. c4 Qb6 4. Be2 Nc6 5. 0-0 Nf6 6. d3 Be7 7. Nc3 0-0 8. h3 d6 9. a4 a6 10. Kh1 Rd8 11. g4 Qc7 12. Rg1 b6 13. g5 Ne8 14. d4 cxd4 15. Nxd4 Ne5 16. Qf1 Bb7 17. f4 Nc6 18. Be3 Nxd4 19. Bxd4 f5 20. gxf6 Bxf6 21. Qf2 Bxd4 22. Qxd4 e5 23. Qe3 Nf6 24. Raf1 Kh8 25. Rg5 exf4 26. Rxf4 Re8 27. Bd3 Rad8 28. Qg3 Re5 29. Qh4 Rde8 30. Nd5 Bxd5 31. exd5 Re1+ 32. Kg2 Qc5 33. Rxf6 Qg1+ 34. Kf3 R1e3+ 35. Kf4 Qh2+ 36. Rg3 Qf2+ 37. Kg4 Rxg3+ 38. Qxg3 h5+ 39. Kh4 g5+ 40. Kxh5 Qxg3 41. Rh6+ Kg7 42. Rg6+ Kh7 43. Rxg5+ 0-1

[Event "Samara Polugaevsky Memorial 5th"]
[Site "Samara"]
[Date "2015.07.11"]
[Round "9"]
[White "Kudelya, Igor"]
[Black "Chekmareva, Liya"]
[Result "1-0"]
[WhiteElo "2240"]
[BlackElo "2082"]
[PlyCount "107"]
[EventDate "2015.07.03"]
[EventType "swiss"]
[EventRounds "9"]
[EventCountry "RUS"]
[SourceTitle "EXT 2017"]
[Source "ChessBase"]
[SourceDate "2016.10.25"]
[SourceVersion "1"]
[SourceVersionDate "2016.10.25"]
[SourceQuality "1"]

1. d4 Nf6 2. Nc3 d5 3. Bf4 e6 4. Nf3 c5 5. e3 c4 6. a3 Nc6 7. Ne5 Nxe5 8. dxe5 Nd7 9. e4 Qb6 10. exd5 Qxb2 11. Bd2 exd5 12. Rb1 Qxa3 13. Nb5 Qc5 14. Be3 Qc6 15. Qxd5 Qxd5 16. Nc7+ Kd8 17. Nxd5 Nxe5 18. Rd1 Bd7 19. f4 Ng4 20. Bd4 Bc6 21. Bxc4 Bxd5 22. Bxd5 Bb4+ 23. Ke2 Kc7 24. Kf3 Nf6 25. Be5+ Kb6 26. Bxf7 Rhf8 27. Ba2 Rac8 28. Rb1 Ka5 29. Ra1 Bc3 30. Be6+ Bxa1 31. Rxa1+ Kb5 32. Bxc8 Rxc8 33. Rxa7 Kc6 34. g4 Rd8 35. Ra3 Rd1 36. Rc3+ Kb6 37. h3 Rf1+ 38. Kg2 Rd1 39. Rd3 Rc1 40. Rd2 Kc5 41. f5 b5 42. Re2 b4 43. Kg3 Kc4 44. Kh4 Kd5 45. Bxf6 gxf6 46. Kh5 Kd4 47. h4 Kc3 48. g5 fxg5 49. hxg5 Rxc2 50. Rxc2+ Kxc2 51. f6 b3 52. f7 b2 53. f8Q b1Q 54. Qf5+ 1-0

[Event "Samara Polugaevsky Memorial 5th"]
[Site "Samara"]
[Date "2015.07.10"]
[Round "8"]
[White "Chekmareva, Liya"]
[Black "Ofitserian, Boris"]
[Result "1/2-1/2"]
[WhiteElo "2082"]
[BlackElo "2306"]
[PlyCount "79"]
[EventDate "2015.07.03"]
[EventType "swiss"]
[EventRounds "9"]
[EventCountry "RUS"]
[SourceTitle "EXT 2017"]
[Source "ChessBase"]
[SourceDate "2016.10.25"]
[SourceVersion "1"]
[SourceVersionDate "2016.10.25"]
[SourceQuality "1"]

1. d4 Nf6 2. c4 g6 3. Nc3 d5 4. Bg5 Ne4 5. Bh4 Nxc3 6. bxc3 dxc4 7. e3 Be6 8. Be2 Bg7 9. Nh3 Bxh3 10. gxh3 Nd7 11. Bxc4 0-0 12. Qf3 c6 13. 0-0 Qc7 14. e4 e5 15. Rad1 c5 16. dxc5 Nxc5 17. Bd5 Rae8 18. Kh1 Kh8 19. Bf6 Qb6 20. Bxg7+ Kxg7 21. Qe3 Qc7 22. f4 exf4 23. Rxf4 b6 24. Rdf1 f6 25. h4 Qe5 26. Qg3 Ne6 27. R4f2 Nc5 28. Rf4 Ne6 29. R4f2 Qxg3 30. hxg3 Nc5 31. Rf4 Nd3 32. R4f3 Ne5 33. Re3 Rc8 34. Rc1 Rc5 35. Kg2 Rfc8 36. Kf1 Ng4 37. Rd3 Ne5 38. Re3 Ng4 39. Rd3 Ne5 40. Re3 1/2-1/2